| 000 | 00514nam a22001937a 4500 | ||
|---|---|---|---|
| 003 | CEME | ||
| 005 | 20210628203338.0 | ||
| 008 | 210126b xxu||||| |||| 00| 0 eng d | ||
| 020 | _a9788131222942 | ||
| 040 | _c. | ||
| 082 | _a658.15 NEF | ||
| 100 |
_aNeftci, Salih.N _964867 |
||
| 245 | _aPrinciples of financial engineering | ||
| 250 | _a2ND | ||
| 260 |
_aINDIA _bACADEMIC PRESS _c2008 |
||
| 300 | _aXV,679P | ||
| 650 |
_aFINANCIAL ENGINEERING.PRINCIPLES OF FINANCIAL MANAGEMENT _964868 |
||
| 942 |
_cBK _2ddc |
||
| 999 |
_c573233 _d573233 |
||